| 000 | 01027cad a22002175a 4500 | ||
|---|---|---|---|
| 001 | L143061 | ||
| 008 | 080404e20080403xxk f 000 0 eng d | ||
| 035 | _a(Sirsi) u143061 | ||
| 041 | 0 | _aeng | |
| 110 | 1 |
_aUnited Kingdom _bDepartment for Communities and Local Government _94939 |
|
| 245 | 0 | 0 |
_a15 locations shortlisted for next stage of eco-towns programme _h[electronic resource] |
| 260 |
_aLondon _bDCLG _c2008 |
||
| 490 |
_aDCLG News Release _v3 April 2008 |
||
| 520 | _aAnnounces 15 locations shortlisted for development as part of the government's policy of creating eco-towns. Also announces the first stage in a four-part consultation process. | ||
| 590 | _aKA | ||
| 651 | 4 |
_aUnited Kingdom _y |
|
| 690 | _aENVIRONMENTAL AND LAND CONSULTANCY-PLANNING AND DEVELOPMENT-STRATEGIC PLANNING | ||
| 690 | _aENVIRONMENTAL AND LAND CONSULTANCY-SUSTAINABILITY-SUSTAINABLE DEVELOPMENT | ||
| 856 | 4 | 0 |
_uhttps://www.communities.gov.uk/news/corporate/737721 _zView the item free of charge at www.communities.gov.uk... |
| 942 | _n0 | ||
| 999 |
_c80047 _d80047 |
||